000 00636nam a22001811a 4500
001 10793
003 OSt
005 20260204212213.0
008 100309s2005||||sp ||||||b||||||||||spa||
020 _a8475845576
050 _a511.24 V667e
100 _aVidal Romental, Salvador
245 _aEstrategias para la enseñanza de las matemática en secundaria: Guía para organizar el día del número y disfrutar con las matemáticas / Salvador Vidal Romental
264 _aEspaña : Laertes
300 _a143 p
650 _aMatemática Educativa 2.Matemáticas - Enseñanza 3.Matemáticas - Educación SecundariaÌ
942 _2ddc
_cBK
999 _c10793
_d10793